• 首页
  • 本馆介绍
  • 公告通知
  • 最新文献
  • 馆藏检索
  • 电子资源
  • 读者导购
  • 参考咨询
  • 我的图书馆
  • 登录
  • 详细信息显示
  • 放入我的书架
  • 预约/预借图书
  • 作者相关作品
  • 分类相关作品
  • 丛书相关作品
  • 出版社相关作品

书目信息

  • 表格格式
  • 工作单格式
  • 卡片格式
题名:
汉英程度副词比较研究
    
 
作者: 傅伟锋 著
分册:  
出版信息: 北京   光明日报出版社  2018.10
页数: 206页
开本: 25cm
丛书名: 光明社科文库
单 册:
中图分类: H146.2 , H314.2
科图分类:
主题词: 副词--fu ci--对比研究--汉语--英语
电子资源:
ISBN: 978-7-5194-4690-1
000 01257oam2 2200265 450
001 2131760359
005 20210930094426.0
010    @a978-7-5194-4690-1@b精装@dCNY68.00
100    @a20181007d2018 em y0chiy0120 ea
101 0  @achi
102    @aCN@b110000
105    @aak z 000yy
106    @ar
200 1  @a汉英程度副词比较研究@Ahan ying cheng du fu ci bi jiao yan jiu@f傅伟锋著
210    @a北京@c光明日报出版社@d2018.10
215    @a206页@c图@d25cm
225 2  @a光明社科文库@Aguang ming she ke wen ku
330    @a随着我国国际交流的不断深入发展,对外汉语教学与推广的需求日益增强。汉语语言学研究成果丰富,然而多数的研究局限于单语言维度和个体研究,具有系统性和国际视野的研究仍非常不足,有鉴于此本书从汉英对比研究的角度,综合运用对比语言学理论、搭配理论、语言类型理论和普遍语法理论,对汉英程度副词进行了全面系统、定性结合定量的比较研究,揭示了汉英两种语言的共同性质及其各自的个体特征,这有助于我们进一步深刻认识汉语和英语两种主要语言的规律和特点,从而有益于我国汉语教学、对外汉语教学、英语教学及翻译事业的发展。
461  0 @12001 @a光明社科文库
606 0  @a副词@Afu ci@x对比研究@x汉语@x英语
690    @aH146.2@v5
690    @aH314.2@v5
701  0 @a傅伟锋@Afu wei feng@4著
801  0 @aCN@b百万庄@c20210930
905    @b1304046-49@dH146.2@e404@f4
    
    汉英程度副词比较研究/傅伟锋著.-北京:光明日报出版社,2018.10
    206页:图;25cm.-(光明社科文库)
    
    
    ISBN 978-7-5194-4690-1(精装):CNY68.00
    随着我国国际交流的不断深入发展,对外汉语教学与推广的需求日益增强。汉语语言学研究成果丰富,然而多数的研究局限于单语言维度和个体研究,具有系统性和国际视野的研究仍非常不足,有鉴于此本书从汉英对比研究的角度,综合运用对比语言学理论、搭配理论、语言类型理论和普遍语法理论,对汉英程度副词进行了全面系统、定性结合定量的比较研究,揭示了汉英两种语言的共同性质及其各自的个体特征,这有助于我们进一步深刻认识汉语和英语两种主要语言的规律和特点,从而有益于我国汉语教学、对外汉语教学、英语教学及翻译事业的发展。
●
相关链接 在E读中查询图书 在五车中查询图书 在当当中查询图书 在豆瓣中查询图书


正题名:汉英程度副词比较研究     索取号:H146.2/404         预约/预借

序号 登录号 条形码 馆藏地/架位号 状态 备注
1 1304046   213040467   第二样本阅览室/ [索取号:H146.2/404] 在馆    
2 1304047   213040476   第四借阅区/ [索取号:H146.2/404] 在馆    
3 1304048   213040485   第四借阅区/ [索取号:H146.2/404] 在馆    
4 1304049   213040494   第四借阅区/ [索取号:H146.2/404] 在馆    
唐山师范学院图书馆 欢迎您!
大连网信软件有限公司© 版权所有